书目信息 |
| 题名: |
魏晋南北朝史十二讲
|
|
| 作者: | 周一良 著 | |
| 分册: | ||
| 出版信息: | 北京 中华书局 2016 |
|
| 页数: | 230页 | |
| 开本: | 24cm | |
| 丛书名: | ||
| 单 册: | ||
| 中图分类: | K230.7 | |
| 科图分类: | ||
| 主题词: | 中国历史--研究--魏晋南北朝时代 | |
| 电子资源: | ||
| ISBN: | 978-7-101-11720-2 | |
| 000 | 01018nam0 2200229 450 | |
| 001 | 012001002807 | |
| 005 | 20140926114739.0 | |
| 010 | @a978-7-101-11720-2@b精装@dCNY45.00 | |
| 100 | @a20161025d2016 em y0chiy50 ea | |
| 101 | 0 | @achi |
| 102 | @aCN@b110000 | |
| 105 | @ay z 000yy | |
| 106 | @ar | |
| 200 | 1 | @a魏晋南北朝史十二讲@9wei jin nan bei chao shi shi er jiang@f周一良著 |
| 210 | @a北京@c中华书局@d2016 | |
| 215 | @a230页@d24cm | |
| 330 | @a本书为周先生魏晋南北朝史方面论文的结集。内容涉及对重要历史人物的论述,如诸葛亮、梁武帝等;对典章制度的评述,如魏晋兵制、南朝文武官位及清浊、北魏三长制等;还对两晋南朝的清议、两晋时期流民、宇文周的种族、《世说新语》及其作者刘义庆,以及魏晋南北朝时期的史学问题等进行了考察。除收录专题论文外,另把作者关于该时期社会生活的数篇札记编为《魏晋南北朝社会生活零拾》,以呈现当时社会风貌。 | |
| 606 | 0 | @a中国历史@x研究@z魏晋南北朝时代 |
| 690 | @aK230.7@v5 | |
| 701 | 0 | @a周一良@9zhou yi liang@4著 |
| 801 | 0 | @aCN@b上海新华@c20180901 |
| 905 | @b1153538-42@dK230.7@e14@f5 | |
| 魏晋南北朝史十二讲/周一良著.-北京:中华书局,2016 |
| 230页;24cm |
| ISBN 978-7-101-11720-2(精装):CNY45.00 |
| 本书为周先生魏晋南北朝史方面论文的结集。内容涉及对重要历史人物的论述,如诸葛亮、梁武帝等;对典章制度的评述,如魏晋兵制、南朝文武官位及清浊、北魏三长制等;还对两晋南朝的清议、两晋时期流民、宇文周的种族、《世说新语》及其作者刘义庆,以及魏晋南北朝时期的史学问题等进行了考察。除收录专题论文外,另把作者关于该时期社会生活的数篇札记编为《魏晋南北朝社会生活零拾》,以呈现当时社会风貌。 |
| ● |
| 相关链接 |
|
|
|
|
正题名:魏晋南北朝史十二讲
索取号:K230.7/14
 
预约/预借
| 序号 | 登录号 | 条形码 | 馆藏地/架位号 | 状态 | 备注 |
| 1 | 1153538 | 211535383 | 第二样本阅览室/ [索取号:K230.7/14] | 在馆 | |
| 2 | 1153539 | 211535392 | 第二借阅区/ [索取号:K230.7/14] | 在馆 | |
| 3 | 1153540 | 211535409 | 密集书库-史法系/ [索取号:K230.7/14] | 在馆 | |
| 4 | 1153541 | 211535418 | 第二借阅区/ [索取号:K230.7/14] | 在馆 | |
| 5 | 1153542 | 211535427 | 第二借阅区/ [索取号:K230.7/14] | 在馆 |